[Event "Aeroflot Open"]
[Site "Moscow RUS"]
[Date "2005.02.21"]
[Round "7"]
[White "Nataf,IA"]
[Black "Epishin,V"]
[Result "1/2-1/2"]
[WhiteElo "2557"]
[BlackElo "2614"]
[EventDate "2005.02.15"]

1. e4 c6 2. d4 d5 3. e5 Bf5 4. c4 e6 5. Nc3 Ne7 6. c5 Nd7 7. a3 f6 8. f4
fxe5 9. fxe5 Ng6 10. Be3 b6 11. b4 bxc5 12. bxc5 Rb8 13. Nf3 Be7 14. Be2
O-O 15. O-O Rb2 16. Bc1 Rb7 17. Qa4 Qc7 18. Bg5 Rb2 19. Bxe7 Nxe7 20. Rac1
h6 21. Nh4 Rd2 22. Nf3 Rb2 23. Nh4 Rd2 24. Nf3 Rb2 25. Nh4 1/2-1/2

[Event "Aeroflot Open"]
[Site "Moscow RUS"]
[Date "2005.02.22"]
[Round "8"]
[White "Tseshkovsky,V"]
[Black "Akopian,Vl"]
[Result "0-1"]
[WhiteElo "2581"]
[BlackElo "2693"]
[EventDate "2005.02.15"]

1. e4 c5 2. Nf3 d6 3. d4 cxd4 4. Nxd4 Nf6 5. Nc3 a6 6. Be2 e5 7. Nb3 Be7 8.
O-O O-O 9. Kh1 Nc6 10. f3 Be6 11. Nd5 a5 12. c3 a4 13. Nxf6+ Bxf6 14. Nd2
Ne7 15. Nc4 d5 16. Ne3 a3 17. bxa3 d4 18. Ng4 Bxg4 19. fxg4 Nc6 20. cxd4
exd4 21. Bc4 Kh8 22. Rb1 Be5 23. g5 Qd7 24. Bd5 f5 25. gxf6 Rxf6 26. Rxf6
Bxf6 27. Rb3 Rf8 28. Bf4 Qe7 29. Rh3 Bg5 30. g3 d3 31. Qxd3 Bxf4 32. gxf4
Rxf4 33. e5 h6 34. Re3 Rd4 35. Qb3 Na5 36. Qb5 Rd1+ 37. Kg2 Qg5+ 38. Rg3
Qd2+ 39. Kh3 Qxd5 40. Qe8+ Qg8 0-1

[Event "Aeroflot Open"]
[Site "Moscow RUS"]
[Date "2005.02.22"]
[Round "8"]
[White "Riazantsev,A"]
[Black "Sakaev,K"]
[Result "1/2-1/2"]
[WhiteElo "2596"]
[BlackElo "2677"]
[EventDate "2005.02.15"]

1. d4 d5 2. c4 c6 3. Nc3 Nf6 4. e3 a6 5. Nf3 b5 6. b3 Bg4 7. Be2 e6 8. O-O
Nbd7 9. h3 Bf5 10. Bd3 Bg6 11. Qc2 Bh5 12. Nd2 Rc8 13. c5 e5 14. f4 e4 15.
Ncxe4 dxe4 16. Nxe4 Nxe4 17. Bxe4 Qh4 18. Bd2 Qe7 19. a4 Nf6 20. Bd3 g6 21.
axb5 axb5 22. e4 Qd7 23. Be3 1/2-1/2

[Event "Aeroflot Open"]
[Site "Moscow RUS"]
[Date "2005.02.22"]
[Round "8"]
[White "Aronian,L"]
[Black "Postny,E"]
[Result "1-0"]
[WhiteElo "2684"]
[BlackElo "2557"]
[EventDate "2005.02.15"]

1. d4 Nf6 2. c4 e6 3. Nf3 b6 4. g3 Bb7 5. Bg2 Bb4+ 6. Bd2 Bxd2+ 7. Qxd2 O-O
8. Nc3 Ne4 9. Qc2 Nxc3 10. Ng5 Qxg5 11. Bxb7 Nxe2 12. Qxe2 Nc6 13. Bxa8
Rxa8 14. Rd1 Qa5+ 15. Kf1 Qxa2 16. d5 Na5 17. Kg2 Qxc4 18. Qf3 Rc8 19. dxe6
dxe6 20. Rd7 Rf8 21. Rhd1 g6 22. h4 h5 23. Re7 Qc6 24. Qxc6 Nxc6 25. Rxc7
Nb4 26. Rxa7 Nd5 27. Rda1 Kg7 28. Ra8 Rxa8 29. Rxa8 Kf6 30. Kf3 Kf5 31. Ke2
f6 32. Kd3 g5 33. Ra4 Ke5 34. Re4+ Kf5 35. f3 e5 36. Rc4 Ke6 37. hxg5 fxg5
38. Rc6+ Kf5 39. Rd6 Ne7 40. Rxb6 h4 41. gxh4 gxh4 42. Ke2 Nd5 43. Rh6 Nf4+
44. Ke3 h3 45. b3 Kg5 46. Rh8 Kf5 47. Kf2 Ke6 48. Rd8 Ke7 49. Rd1 1-0

[Event "Aeroflot Open"]
[Site "Moscow RUS"]
[Date "2005.02.22"]
[Round "8"]
[White "Sargissian,G"]
[Black "Kaidanov,G"]
[Result "1-0"]
[WhiteElo "2602"]
[BlackElo "2629"]
[EventDate "2005.02.15"]

1. d4 d5 2. c4 dxc4 3. e4 e5 4. Nf3 exd4 5. Bxc4 Nc6 6. O-O Be6 7. Bb5 Bc5
8. Nbd2 Nge7 9. Nb3 Bb6 10. Nbxd4 Bd7 11. Nxc6 Bxc6 12. Qb3 O-O 13. Bg5
Bxb5 14. Qxb5 Qe8 15. a4 Qxb5 16. axb5 Ng6 17. Ra4 f5 18. Be3 fxe4 19. Rxe4
Rf5 20. Rb4 Rd8 21. Rc1 Rdd5 22. Ra4 Rxb5 23. Bxb6 Rxb6 24. Rxc7 Rxb2 25.
h4 a5 26. Rd4 Nf8 27. Rd8 Rf7 28. Rcc8 a4 29. Ne5 Rf5 30. f3 g6 31. Nd7 Kg7
32. Nxf8 a3 33. Rd7+ Rf7 34. Ne6+ Kf6 35. Rxf7+ Kxe6 36. Rxh7 b5 37. Ra7 b4
38. Ra5 a2 39. Rb8 Kd6 40. Kh2 Kc7 41. Rxa2 1-0

[Event "Aeroflot Open"]
[Site "Moscow RUS"]
[Date "2005.02.22"]
[Round "8"]
[White "Sorokin,M"]
[Black "Berkes,F"]
[Result "1-0"]
[WhiteElo "2578"]
[BlackElo "2610"]
[EventDate "2005.02.15"]

1. Nf3 Nf6 2. c4 e6 3. Nc3 Bb4 4. g3 c5 5. Bg2 O-O 6. O-O Nc6 7. Na4 d6 8.
a3 Ba5 9. d4 cxd4 10. Nxd4 Nxd4 11. Qxd4 Bd7 12. Nc3 Bc6 13. Bxc6 bxc6 14.
Bg5 Bxc3 15. bxc3 e5 16. Qh4 h6 17. Bxf6 Qxf6 18. Qxf6 gxf6 19. Rab1 Rfb8
20. Rfd1 Kg7 21. a4 Kg6 22. Rxb8 Rxb8 23. Rxd6 Rb6 24. Kg2 Ra6 25. Kf3 Rxa4
26. Rxc6 Ra3 27. Ke4 Rxc3 28. f3 a5 29. Kd5 Re3 30. Ra6 Rxe2 31. c5 Rd2+
32. Kc6 Rd3 33. Kb7 Rb3+ 34. Rb6 Rxf3 35. c6 Rc3 36. c7 Rxc7+ 37. Kxc7 1-0

[Event "Aeroflot Open"]
[Site "Moscow RUS"]
[Date "2005.02.22"]
[Round "8"]
[White "Smirnov,P"]
[Black "Azarov,S"]
[Result "1-0"]
[WhiteElo "2645"]
[BlackElo "2565"]
[EventDate "2005.02.15"]

1. e4 e5 2. Nf3 Nc6 3. Bb5 a6 4. Ba4 Nf6 5. O-O Be7 6. Re1 b5 7. Bb3 d6 8.
c3 O-O 9. h3 h6 10. d4 Re8 11. Nbd2 Bf8 12. Nf1 Bd7 13. Ng3 Na5 14. Bc2 c5
15. b3 Nc6 16. d5 Ne7 17. Be3 Ng6 18. Qd2 Qc8 19. a4 Qb7 20. Ra2 Reb8 21.
Rea1 Be7 22. b4 cxb4 23. cxb4 bxa4 24. Bxa4 Qxb4 25. Qxb4 Rxb4 26. Bxd7
Nxd7 27. Rxa6 Rab8 28. Nd2 Nf6 29. Ra8 Bf8 30. Nf5 Nf4 31. R1a6 Nd3 32. f3
Ne8 33. Nc4 R4b7 34. Kh2 Nb4 35. Rxb8 Rxb8 36. Ra7 h5 37. Rd7 Nf6 38. Ne7+
Bxe7 39. Rxe7 Nc2 40. Ba7 Rd8 41. Rb7 Ne8 42. Rb8 Rxb8 43. Bxb8 f6 44. Nxd6
Nxd6 45. Bxd6 Kf7 46. Kg1 Ne1 47. Bc5 Nd3 48. Be3 h4 49. Kf1 g5 50. Ke2 Nb4
51. Bb6 Ke8 52. Ba5 Nc2 53. Kd3 Nd4 54. Bb6 Nb5 55. Bc5 Kd7 56. Kc4 Nc7 57.
Bf8 Ne8 58. Kc5 Nc7 59. Bg7 Ne8 60. Bh8 Ke7 61. Kc6 1-0

[Event "Aeroflot Open"]
[Site "Moscow RUS"]
[Date "2005.02.22"]
[Round "8"]
[White "Gyimesi,Z"]
[Black "Sadvakasov,D"]
[Result "1/2-1/2"]
[WhiteElo "2602"]
[BlackElo "2635"]
[EventDate "2005.02.15"]

1. d4 Nf6 2. c4 e6 3. Nf3 b6 4. g3 Bb7 5. Bg2 Be7 6. Nc3 Ne4 7. Bd2 Bf6 8.
Qc2 Nxd2 9. Qxd2 d6 10. O-O O-O 11. Rad1 Nd7 12. d5 e5 13. b4 Qe7 14. e4 g6
15. Qd3 Bg7 16. Bh3 Nf6 17. Nd2 h5 18. f4 a5 19. b5 exf4 20. gxf4 Rae8 21.
Rde1 Ng4 22. Bxg4 hxg4 23. Ne2 Bc8 24. Ng3 Qh4 25. Nb3 Bd7 26. Nd4 Qh8 27.
Nc6 Bc3 28. Re2 Bxc6 29. bxc6 Qd4+ 30. Qxd4 Bxd4+ 31. Kg2 a4 32. Rd1 Bg7
33. Rde1 Bc3 34. Rc1 Bd4 35. Rd1 Bg7 36. Rd3 Re7 37. Ra3 Ra8 38. e5 dxe5
39. f5 Bh6 40. f6 Ree8 41. Ne4 Bf4 42. h3 g3 43. Kf3 Kh7 44. Kg4 Red8 45.
Rd3 a3 46. Nxg3 Ra4 47. Re4 Bxg3 48. Kxg3 g5 49. h4 b5 50. hxg5 Rxc4 51.
Rxe5 Kg6 52. Rxa3 Rd4 53. Rb3 b4 54. a3 bxa3 55. Rxa3 R8xd5 1/2-1/2

[Event "Aeroflot Open"]
[Site "Moscow RUS"]
[Date "2005.02.22"]
[Round "8"]
[White "Ganguly,S"]
[Black "Iordachescu,V"]
[Result "0-1"]
[WhiteElo "2585"]
[BlackElo "2615"]
[EventDate "2005.02.15"]

1. e4 e5 2. Nf3 Nf6 3. Nxe5 d6 4. Nf3 Nxe4 5. d4 d5 6. Bd3 Bd6 7. O-O O-O
8. Re1 Bf5 9. c4 c6 10. Nc3 Nxc3 11. bxc3 Bxd3 12. Qxd3 dxc4 13. Qxc4 Nd7
14. Rb1 Qc7 15. Qb3 b6 16. c4 Rae8 17. Bb2 Nf6 18. Qa4 Ne4 19. d5 Bc5 20.
Bd4 Bxd4 21. Nxd4 Qf4 22. Qc2 cxd5 23. cxd5 Nd2 24. Rxe8 Rxe8 25. Rd1 Qxd4
26. h4 Qxd5 27. Rxd2 Qe6 28. g3 g6 29. Qd3 h5 30. Kh2 Qf6 31. Rc2 Kg7 32.
Kg2 Re5 33. Rc7 Ra5 34. Qb3 Rf5 35. Qe3 Re5 36. Qd3 a5 37. Qc2 b5 38. Ra7
b4 39. Ra8 Rf5 40. Kg1 Qd4 41. Qe2 Re5 42. Qc2 Re1+ 43. Kh2 Qd5 0-1

[Event "Aeroflot Open"]
[Site "Moscow RUS"]
[Date "2005.02.22"]
[Round "8"]
[White "Epishin,V"]
[Black "Kurnosov,I"]
[Result "1/2-1/2"]
[WhiteElo "2614"]
[BlackElo "2538"]
[EventDate "2005.02.15"]

1. d4 Nf6 2. c4 g6 3. Nc3 d5 4. Nf3 Bg7 5. Qb3 dxc4 6. Qxc4 O-O 7. e4 Na6
8. Be2 c5 9. d5 e6 10. O-O exd5 11. exd5 Nb4 12. Rd1 b6 13. h3 Ba6 14. Qb3
Bxe2 15. Nxe2 Nbxd5 16. Nf4 c4 17. Qxc4 Qc7 18. Qxc7 Nxc7 19. Be3 Rfd8 20.
Rac1 Nfd5 21. Nxd5 Rxd5 22. Nd4 Ne8 23. Nc6 Rxd1+ 24. Rxd1 Bxb2 25. g4 Nf6
26. Kg2 h5 27. g5 Ne4 28. Rd7 Kf8 29. Rxa7 Rxa7 30. Nxa7 Nc3 31. Bxb6 Nxa2
1/2-1/2

[Event "Aeroflot Open"]
[Site "Moscow RUS"]
[Date "2005.02.23"]
[Round "9"]
[White "Ivanchuk,V"]
[Black "Bacrot,E"]
[Result "1/2-1/2"]
[WhiteElo "2711"]
[BlackElo "2715"]
[EventDate "2005.02.15"]

1. e4 e5 2. Nf3 Nc6 3. Bc4 Nf6 4. d3 Be7 5. O-O O-O 6. Re1 d6 7. a4 Kh8 8.
Nc3 Bg4 9. h3 Bh5 10. Be3 Qd7 11. Nd5 Na5 12. Nxe5 Qd8 13. Qd2 b6 14. b4
Nxc4 15. Nxc4 Nxd5 16. exd5 f5 17. Bd4 Bh4 18. Qh6 Bxf2+ 19. Kxf2 Qh4+ 20.
Ke3 Qxd4+ 21. Kxd4 gxh6 22. Re7 Rf7 23. Rxf7 Bxf7 24. a5 Rc8 25. axb6 axb6
26. Rf1 Bg6 27. Ne3 Rf8 28. g4 f4 29. Rf3 h5 30. g5 h4 31. Ng2 Kg8 32. c4
Rf5 33. Nxh4 Rxg5 34. Rxf4 Rg3 35. Nxg6 hxg6 36. h4 g5 37. hxg5 Rxg5 38.
Kc3 Rg1 39. Kb3 Ra1 40. c5 bxc5 41. bxc5 Rb1+ 42. Kc2 Rb5 43. cxd6 cxd6 44.
d4 Rxd5 45. Kd3 Rh5 46. Kc4 Kg7 47. d5 Rh1 48. Kd4 1/2-1/2

[Event "Aeroflot Open"]
[Site "Moscow RUS"]
[Date "2005.02.23"]
[Round "9"]
[White "Bu Xiangzhi"]
[Black "Van Wely,L"]
[Result "1/2-1/2"]
[WhiteElo "2607"]
[BlackElo "2679"]
[EventDate "2005.02.15"]

1. Nf3 c5 2. c4 Nf6 3. Nc3 d5 4. cxd5 Nxd5 5. d4 Nxc3 6. bxc3 g6 7. Bg5 Bg7
8. e3 h6 9. Bh4 Qa5 10. Qd2 Bf5 11. Be2 Nc6 1/2-1/2

[Event "Aeroflot Open"]
[Site "Moscow RUS"]
[Date "2005.02.23"]
[Round "9"]
[White "Kobalia,M"]
[Black "Sargissian,G"]
[Result "1/2-1/2"]
[WhiteElo "2634"]
[BlackElo "2602"]
[EventDate "2005.02.15"]

1. e4 e5 2. Nf3 Nc6 3. Bb5 Nf6 4. d3 Bc5 5. Bxc6 dxc6 6. Be3 Qe7 7. Bxc5
Qxc5 8. Nc3 Bg4 9. h3 Bxf3 10. Qxf3 O-O 11. O-O Rae8 12. Kh1 1/2-1/2

[Event "Aeroflot Open"]
[Site "Moscow RUS"]
[Date "2005.02.23"]
[Round "9"]
[White "Riazantsev,A"]
[Black "Tregubov,P"]
[Result "1/2-1/2"]
[WhiteElo "2596"]
[BlackElo "2629"]
[EventDate "2005.02.15"]

1. d4 d5 2. c4 e6 3. Nf3 c6 4. Bg5 Be7 5. Bxe7 Qxe7 6. e3 Nf6 7. Nc3 O-O 8.
Qc2 Nbd7 9. cxd5 Nxd5 10. Rd1 Nxc3 11. Qxc3 c5 12. Bb5 b6 13. Bc6 Rb8
1/2-1/2

[Event "Aeroflot Open"]
[Site "Moscow RUS"]
[Date "2005.02.23"]
[Round "9"]
[White "Asrian,K"]
[Black "Smirnov,P"]
[Result "1-0"]
[WhiteElo "2602"]
[BlackElo "2645"]
[EventDate "2005.02.15"]

1. e4 c5 2. Nf3 d6 3. d4 cxd4 4. Nxd4 Nf6 5. Nc3 a6 6. Be2 e5 7. Nb3 Be7 8.
O-O O-O 9. Be3 Be6 10. Qd2 Nbd7 11. a4 Rc8 12. a5 Re8 13. Rfd1 Qc7 14. Qe1
h6 15. Nc1 d5 16. Nxd5 Bxd5 17. exd5 Qxc2 18. Bd3 Qxb2 19. Rb1 Qa3 20. Bf5
Rcd8 21. d6 Bf8 22. Rb3 Qa4 23. Rxb7 g6 24. Bh3 Ne4 25. Rb4 Qc6 26. Bb6
Nxb6 27. Rxb6 Qc2 28. d7 Re7 29. Ne2 Ng5 30. Rbd6 e4 31. Bg4 e3 32. f3 h5
33. Rc1 Qb2 34. Rc8 hxg4 35. Rxd8 gxf3 36. Rxf8+ Kxf8 37. d8=Q+ Re8 38. Qc3
fxe2 39. Qxe8+ Kxe8 40. Qc8+ Ke7 41. Qd8+ 1-0

[Event "Aeroflot Open"]
[Site "Moscow RUS"]
[Date "2005.02.23"]
[Round "9"]
[White "Petrosian,TL"]
[Black "Kempinski,R"]
[Result "0-1"]
[WhiteElo "2568"]
[BlackElo "2624"]
[EventDate "2005.02.15"]

1. e4 c5 2. Nc3 a6 3. f4 e6 4. Nf3 Nc6 5. d3 d5 6. g4 Nf6 7. g5 dxe4 8. Ne5
Nxe5 9. fxe5 Nd5 10. Nxe4 Qc7 11. Bg2 Qxe5 12. O-O Be7 13. Kh1 O-O 14. c3
Bd7 15. Bd2 Bd6 16. Qh5 f5 17. d4 cxd4 18. cxd4 Qxd4 19. Nxd6 Qxd2 20. Rad1
Qxb2 21. Rxd5 Bc6 22. g6 hxg6 23. Qxg6 Rf6 24. Qg5 Bxd5 25. Bxd5 exd5 26.
Nxf5 g6 27. Rg1 Qc3 28. Ne7+ Kg7 29. Nf5+ Kf7 30. Nh6+ Kf8 31. Ng4 Qf3+ 32.
Rg2 Qf1+ 33. Rg1 Qf3+ 34. Rg2 Rb6 35. Qc1 Re6 36. Kg1 Rae8 37. Qh6+ Kg8 38.
h4 Qf8 39. Qg5 Re1+ 40. Kh2 Qd6+ 41. Kh3 Rh1+ 0-1

[Event "Aeroflot Open"]
[Site "Moscow RUS"]
[Date "2005.02.23"]
[Round "9"]
[White "Areshchenko,A"]
[Black "Ghaem Maghami,E"]
[Result "0-1"]
[WhiteElo "2570"]
[BlackElo "2623"]
[EventDate "2005.02.15"]

1. e4 c5 2. Nf3 d6 3. d4 cxd4 4. Nxd4 Nf6 5. Nc3 a6 6. Be3 e5 7. Nf3 Be7 8.
Bc4 O-O 9. O-O Nc6 10. Qe2 b5 11. Bd5 Bb7 12. Rfd1 Qc8 13. Bg5 Nxd5 14.
Nxd5 Bxg5 15. Nxg5 Qd8 16. Qg4 Bc8 17. Qg3 h6 18. Nf3 f5 19. exf5 Bxf5 20.
c3 Be4 21. Ne1 Ne7 22. Nxe7+ Qxe7 23. Rd2 Rf6 24. Qh4 Bb7 25. Rad1 Raf8 26.
h3 Qc7 27. Nc2 Rg6 28. Ne3 Bf3 29. Re1 Rf4 30. g4 h5 31. Nf1 hxg4 32. Qg3
Rh6 33. h4 g5 34. Re3 gxh4 35. Qh2 Qg7 36. Rdd3 g3 37. fxg3 hxg3 38. Qxg3
Rh1+ 0-1

[Event "Aeroflot Open"]
[Site "Moscow RUS"]
[Date "2005.02.23"]
[Round "9"]
[White "Iordachescu,V"]
[Black "Lugovoi,A"]
[Result "1-0"]
[WhiteElo "2615"]
[BlackElo "2552"]
[EventDate "2005.02.15"]

1. e4 c5 2. Nf3 d6 3. d4 cxd4 4. Nxd4 Nf6 5. Nc3 Nc6 6. Bg5 e6 7. Qd2 Be7
8. O-O-O O-O 9. f4 Nxd4 10. Qxd4 Qa5 11. Bc4 Bd7 12. e5 dxe5 13. fxe5 Bc6
14. Bd2 Nd7 15. Nd5 Qd8 16. Nxe7+ Qxe7 17. Rhe1 Rfd8 18. Qg4 Nf8 19. h4 Qc5
20. Bc3 Bd5 21. Bd3 a5 22. h5 b5 23. Bd4 Qc6 24. h6 Ng6 25. hxg7 Bxg2 26.
Bxb5 Qxb5 27. Qxg2 Rac8 28. Qf2 a4 29. a3 Rc4 30. Rh1 Rdc8 31. c3 Qb3 32.
Rdf1 R4c7 33. Qh2 h5 34. Qxh5 Rxc3+ 35. Kb1 Rc1+ 36. Rxc1 Qd3+ 37. Ka2 1-0

[Event "Aeroflot Open"]
[Site "Moscow RUS"]
[Date "2005.02.23"]
[Round "9"]
[White "Sadvakasov,D"]
[Black "Galkin,A"]
[Result "1/2-1/2"]
[WhiteElo "2635"]
[BlackElo "2593"]
[EventDate "2005.02.15"]

1. e4 c6 2. d4 d5 3. Nd2 dxe4 4. Nxe4 Nd7 5. Ng5 Ngf6 6. Bd3 e6 7. N1f3 Bd6
8. Qe2 h6 9. Ne4 Nxe4 10. Qxe4 Qc7 11. O-O b6 12. Qg4 Kf8 13. Re1 Bb7 14.
Qh3 c5 15. c3 Rc8 16. Be4 Bxe4 17. Rxe4 Nf6 18. Re1 Kg8 19. Bd2 g5 20. c4
Be7 21. Ne5 cxd4 22. f4 Rh7 23. Re2 Bd6 24. Rae1 Nd7 25. Nxf7 Rxf7 26. Rxe6
Bf8 27. fxg5 hxg5 28. Bxg5 Qxc4 29. Rg6+ Bg7 30. Bh6 Ne5 31. Rxg7+ Rxg7 32.
Rxe5 d3 33. Qe3 Rg6 34. Bg5 Rgc6 35. Qg3 Rg6 36. Qe3 Rgc6 37. Qg3 Rg6 38.
Qe3 1/2-1/2

[Event "Aeroflot Open"]
[Site "Moscow RUS"]
[Date "2005.02.23"]
[Round "9"]
[White "Efimenko,Z"]
[Black "Epishin,V"]
[Result "1-0"]
[WhiteElo "2601"]
[BlackElo "2614"]
[EventDate "2005.02.15"]

1. e4 c6 2. d4 d5 3. Nc3 dxe4 4. Nxe4 Bf5 5. Ng3 Bg6 6. h4 h6 7. Nf3 e6 8.
Ne5 Bh7 9. Bd3 Bxd3 10. Qxd3 Nd7 11. f4 Ngf6 12. Bd2 Be7 13. O-O-O O-O 14.
Qf3 Rc8 15. f5 c5 16. Nxf7 Qb6 17. Rhe1 cxd4 18. fxe6 Qc7 19. Kb1 Qxc2+ 20.
Ka1 Nb6 21. Nf5 Nfd5 22. Qg4 Bf6 23. Qg6 Rxf7 24. exf7+ 1-0